00662 2200217 4500001002100000005001700021008004100038020002200079035002500101040001200126082000800138084001800146100002800164245010300192260003000295300003000325500002500355650002100380700003100401850001200432INLIS00000000000947620150810135353.0  a978-979-29-4406-8 a0010-081500000000914 aYOPDYOG a372 aDEP 372 Yus A aYUSUP KRISTIANTO, 1988- aAsyik bermain logika untuk anak 4-6 tahunc/ Yusuf Kristianto ; editor Yashinta Vita Wahyuningsih. aYogyakartabRainbowc2014 a...bukub: ilus.c; 28 cm aYang diterima buku 1 aPendidikan dasar aYasintha Vita Wahyuningsih aYOPDYOG